000 00364nam a2200145Ia 4500
008 150201s1985 xx 000 0 und d
082 _a610
_bC1985M
100 _aMC CAFFREE
245 _aCRITICAL CARE IN INTERNAL MEDICINE
250 _a1ST
260 _bKARGER PUBLISHING
_aBASEL(SWIT ZERLAND)
_c1985
300 _a1-350
650 _aMEDICINE
942 _2ddc
_cBK
999 _c3123
_d3123